Akta Kaunselor 1998 (Akta 580) dan Peraturan-peraturan & Counsellors Act 1998 (Act 580) and Regulations : (Hingga 15hb Julai 2005)

Bibliographic Details
Corporate Authors: Malaysia, International Law Book Services. Lembaga Penyelidikan Undang-undang
Format: Book
Published: Petaling Jaya : International Law Book Services , 2005
Subjects:

MARC

LEADER 00000cam a2200000 7i4500
001 0000018473
005 20201009.0
020 |a 9678911086 
040 |a INS 
090 0 0 |a KPG1070.A31998   |b M34 2005 
110 1 |a Malaysia 
240 0 0 |a [Akta Kaunselor 1998 (Akta 580)] 
245 1 0 |a Akta Kaunselor 1998 (Akta 580) dan Peraturan-peraturan & Counsellors Act 1998 (Act 580) and Regulations :   |b (Hingga 15hb Julai 2005)   |c Disusun oleh: Lembaga Penyelidikan Undang-undang 
260 |a Petaling Jaya :   |b International Law Book Services ,   |c 2005 
300 |a 150 p :   |b 24 cm 
650 0 0 |a Counselors   |x Legal status, laws, etc.   |z Malaysia 
710 1 |a International Law Book Services. Lembaga Penyelidikan Undang-undang 
740 0 |a Undang-Undang Malaysia 
999 |a 0000017784   |b BOOK   |c Acts   |e Default branch